000 00309 a2200157 4500
001 174259
020 _a
040 _cMagnum
100 _aNoronha, Teresa
240 1 0 _aA relva azul
_lpor
245 1 0 _aA relva azul
362 0 _a1899
440 1 _aÁtica
697 _aI/FADAS, FANTASIA
942 _cBK
999 _c174259
_d174259